| 000 | 01637nam a2200301 i 4500 | ||
|---|---|---|---|
| 003 | CSPC | ||
| 005 | 20231215142429.0 | ||
| 008 | 231214s2019 enka b 001 0 eng d | ||
| 020 | _a9780367671280 | ||
| 040 |
_cCSPC _aCSPC _beng |
||
| 050 | 4 | _aG155.A1 | |
| 082 | 0 | 4 |
_a338.4791 _bT645 _223 |
| 245 | 0 | 0 |
_aTourism in changing natural environments / _cedited by Natalie Ooi, Esther A. Duke, and Joseph O'Leary. |
| 264 | 1 |
_aAbingdon, Oxon : _bRoutledge, _c2019. |
|
| 300 |
_axi, 142 pages : _billustrations ; _c25 cm. |
||
| 336 |
_2rdacontent _atext |
||
| 337 |
_2rdamedia _aunmediated |
||
| 338 |
_2rdacarrier _avolume |
||
| 504 | _aIncludes bibliographical references and index. | ||
| 505 | 0 | _aTourism in changing natural environments -- Costs and benefits of environmental change: tourism industry's responses in arctic Finland -- Measuring park visitation vulnerability to climate extremes in U.S. Rockies national parks tourism -- Climate and visitation to Utah's 'Mighty 5' national parks -- Weather sensitivity and climate change perceptions of tourists: a segmentation analysis -- Micro-level assessment of regional and local disaster impacts in tourist destinations -- Exploring stakeholder groups through a testimony analysis on the Hawaiian aquarium trade. | |
| 650 | 7 |
_2fast _aNatural resources _xSocial aspects. |
|
| 650 | 7 |
_2fast _aTourism. |
|
| 700 | 1 |
_aOoi, Natalie, _eeditor. |
|
| 700 | 1 |
_aDuke, Esther A., _eeditor. |
|
| 700 | 1 |
_aO'Leary, Joseph, _eeditor. |
|
| 942 |
_2ddc _cBK _h338.4791 _iT645 _kCIR _m2019 _n0 |
||
| 999 |
_c26715 _d26715 |
||